| 000 | 01341nam a2200349 a 4500 | ||
|---|---|---|---|
| 001 | 36660 | ||
| 003 | BD-RjUL | ||
| 005 | 20211209052521.0 | ||
| 008 | 140805s1981 bg b 001 0 eng | ||
| 035 | _a(BD-RjUL) 36761 | ||
| 040 |
_aDLC _cDLC _dDLC _dBD-RjUL _beng |
||
| 041 | _aeng | ||
| 082 | 0 | 0 |
_a304.632095492 _219 _bMAL 1981 |
| 100 | 1 |
_aMaloney, Clarence. _953812 |
|
| 245 | 1 | 0 |
_aBeliefs and fertility in Bangladesh / _cClarence Maloney, K.M. Ashraful Aziz, Profulla C. Sarker. |
| 260 |
_aDacca, Bangladesh : _bInternational Centre for Diarrhoeal Disease Research, Bangladesh, _c1981. |
||
| 300 |
_axv, 366 p. ; _c25 cm. |
||
| 490 | 1 |
_aMonograph / International Centre for Diarrhoeal Disease Research, Bangladesh ; _vno. 2 |
|
| 500 | _aIncludes index. | ||
| 504 | _aBibliography: p. [342]-356. | ||
| 650 | 0 |
_aFertility, Human _zBangladesh. _9111767 |
|
| 650 | 0 |
_aBirth control _zBangladesh. _953814 |
|
| 650 | 0 |
_aBirth control _xMoral and ethical aspects. _953815 |
|
| 651 | 0 |
_aBangladesh _xSocial life and customs. _9111768 |
|
| 830 | 0 |
_vno. 2. _9111771 |
|
| 700 | 1 |
_aAziz, K. M. Ashraful. _953817 |
|
| 700 | 1 |
_aSarker, Profulla Chandra. _953818 |
|
| 830 | 0 |
_aMonograph (International Centre for Diarrhoeal Disease Research, Bangladesh) ; _953819 |
|
| 942 |
_2ddc _cBK |
||
| 999 |
_c36660 _d36660 |
||